000 00967cam a2200277 a 4500
001 000005479
005 20200929151705.0
008 980629s1997 sp a b 000 1 spa
020 _a8437615852
040 _aDO-SdBNP
_cDLC
082 _a863.6
_bB644e
100 1 _aBlasco Ibáñez, Vicente,
_d1867-1928.
_915017
245 1 0 _aEntre naranjos /
_cVicente Blasco Ibáñez ; edición de José Mas y María Teresa Mateu.
260 _aMadrid :
_bCátedra,
_c1997.
300 _a355 p. :
_bil. ;
_c18 cm.
490 1 _aLetras hispánicas
_v435
504 _aIncluye referencias bibliográficas (p. 87-91).
600 1 4 _aBLASCO IBÁÑEZ, VICENTE,
_d1867-1928
_xCRÍTICA E INTERPRETACIÓN
_915550
650 4 _aNovela española
_91123
650 4 _aLiteratura española
_9632
700 1 _aMas, José,
_eed.
_915019
700 1 _aMateu, María Teresa,
_eed.
_915020
830 0 _aLetras hispánicas ;
_v435
_94208
910 _aCatalogación por copia / LC
910 _aWM
999 _c5278
_d5278